The theology of medicine : (Record no. 1447)

000 -LEADER
fixed length control field 00962cam a2200301uu 4500
003 - CONTROL NUMBER IDENTIFIER
control field UkOxU
005 - DATE AND TIME OF LATEST TRANSACTION
control field 20210628073653.0
008 - FIXED-LENGTH DATA ELEMENTS--GENERAL INFORMATION
fixed length control field 940811s1979 enk 000 0 u
020 ## - INTERNATIONAL STANDARD BOOK NUMBER
International Standard Book Number 0192176781
040 ## - CATALOGING SOURCE
Transcribing agency ALUPE UNIVERSITY
050 #0 - LIBRARY OF CONGRESS CALL NUMBER
Classification number R724
Item number .S9 1977
092 ## - LOCALLY ASSIGNED DEWEY CALL NUMBER (OCLC)
Classification number D0501834148
100 1# - MAIN ENTRY--PERSONAL NAME
Personal name Szasz, Thomas,
Dates associated with a name 1920-2012.
245 14 - TITLE STATEMENT
Title The theology of medicine :
Remainder of title the political-philosophical foundations of medical ethics /
Statement of responsibility, etc. Thomas Szasz
260 ## - PUBLICATION, DISTRIBUTION, ETC.
Place of publication, distribution, etc. Oxford :
Name of publisher, distributor, etc. Oxford University Press,
Date of publication, distribution, etc. 1979, c1977
300 ## - PHYSICAL DESCRIPTION
Extent xxii, 170 p. ;
Dimensions 22 cm
504 ## - BIBLIOGRAPHY, ETC. NOTE
Bibliography, etc. note Includes bibliographical references and index
650 #0 - SUBJECT ADDED ENTRY--TOPICAL TERM
Topical term or geographic name entry element Medical ethics
942 ## - ADDED ENTRY ELEMENTS (KOHA)
Source of classification or shelving scheme
Koha item type Book
Suppress in OPAC DO
Holdings
Withdrawn status Lost status Source of classification or shelving scheme Damaged status Not for loan Permanent Location Current Location Shelving location Date acquired Total Checkouts Full call number Barcode Date last seen Price effective from Koha item type Public note
          AU LIBRARY AU LIBRARY Open Shelf 28.06.2021   R724 .S9 1977 28002088 28.06.2021 28.06.2021 Book DO

Powered by Koha